00337nam a2200121Ia 4500008004100000041000800041100003200049245007900081260001800160300000800178542001500186650001400201220531s9999 xx 000 0 und d amar aभागवत वित. aस्‍त्रीप्रश्‍नांची वाटचाल. bPratimac2005 a408 d21-08-2008 aSociology